7x jinak + 1 host : průzkum fundamentů současné vizuality : Galerie Dole - [Ostrava 2010 /

Korporativní autor: Galerie Dole (Ostrava, Česko)
Další autoři: Mikolášek, Martin, 1973-
Jazyk: Čeština
Vydáno: [Ostrava] : Fiducia, 2010
Témata:
Fyzický popis: [40] s. : barev. il., portréty ; 23 cm
Knihy
Uloženo v:
LEADER 02146cam a2200577 a 4500
001 nkc20112188649
003 CZ PrNK
005 20140826141029.0
007 ta
008 110211s2010 xr ac e c 000 0dcze d
015 |z cnb002188649 
020 |a 978-80-260-6723-8  |q (v knize neuvedeno ;  |q kroužková vazba) 
040 |a OSA001  |b cze  |d BOA001 
043 |a e-xr---  |b e-xr-mo  |2 czenas 
045 |a y0y1 
072 7 |a 72/76  |x Výtvarné umění  |2 Konspekt  |9 21 
080 |a 72/76:069.9  |2 MRF 
080 |a 72/76(437.3)  |2 MRF 
080 |a 7.036/.038  |2 MRF 
080 |a (437.326)  |2 MRF 
080 |a (437.3)  |2 MRF 
080 |a (083.824)  |2 MRF 
245 0 0 |a 7x jinak + 1 host :  |b průzkum fundamentů současné vizuality : Galerie Dole - [Ostrava 2010 /  |c úvodní text Martin Mikolášek] 
246 3 |a Sedm krát jinak plus jeden host 
260 |a [Ostrava] :  |b Fiducia,  |c 2010 
300 |a [40] s. :  |b barev. il., portréty ;  |c 23 cm 
500 |a Název z obálky 
500 |a Životopisná data a přehledy výstav 
500 |a 500 výt. 
610 2 7 |a Galerie Dole (Ostrava, Česko)  |7 ko2010576423  |2 czenas 
648 7 |a 2010  |7 ch967319  |2 czenas 
648 7 |a 2001-2010  |7 ch460588  |2 czenas 
648 4 |a 2006-2010 
648 7 |a 21. století  |7 ch460559  |2 czenas 
650 0 7 |a umělecké výstavy  |7 ph135854  |z Česko  |y 2001-2010  |2 czenas 
650 0 7 |a české výtvarné umění  |7 ph116865  |y 21. století  |2 czenas 
650 0 7 |a moderní umění  |7 ph115340  |z Česko  |2 czenas 
650 0 9 |a art exhibitions  |z Czechia  |y 2001-2010  |2 eczenas 
650 0 9 |a Czech art  |y 21st century  |2 eczenas 
650 0 9 |a modern art  |z Czechia  |2 eczenas 
651 7 |a Ostrava (Česko)  |7 ge128537  |2 czenas 
651 9 |a Ostrava (Czechia)  |2 eczenas 
655 7 |a katalogy výstav  |7 fd132536  |2 czenas 
655 9 |a exhibition catalogs  |2 eczenas 
700 1 |a Mikolášek, Martin,  |d 1973-  |7 mzk2005266363  |4 wfw 
710 2 |a Galerie Dole (Ostrava, Česko)  |7 ko2010576423 
910 2 |a BOA001  |b 2-1257.715 
990 |a BK 
995 |a 11 
991 |b 201408  |e n 
996 6 |b 2610597779  |c 2-1257.715  |l MZK  |r Sklad / do 1 hodiny  |n 0  |p p.v.  |w 001440201  |u 000010  |a 1  |e BOA001  |j MZK50  |s P